Simulation: principles and methods

Uloženo v:
Podrobná bibliografie
Hlavní autoři: Graybeal, Wayne J (Autor), Pooch, Udo W (Autor)
Médium: Kniha
Jazyk:angličtina
Vydáno: Cambridge Winthorp 1980
Edice:Winthorp Computer Systems Series
Témata:
Tagy: Přidat tag
Žádné tagy, Buďte první, kdo vytvoří štítek k tomuto záznamu!

MARC

LEADER 00000nam a2200000 a 4500
001 UCP1417
003 CL-VaPUC
008 990409e19800000US |||||||||||||||||eng|d
082 0 4 |a 511.8  |b GRA  |2 21 
100 0 |a Graybeal, Wayne J  |e author  |9 427457 
700 0 |a Pooch, Udo W  |e author  |9 427458 
245 1 0 |a Simulation: principles and methods 
300 |a 248 p 
942 |c BK 
945 |d 19990409 00:00:00  |a crobeson 
260 |a Cambridge  |b Winthorp  |c 1980 
650 7 |a SIMULACION DIGITAL  |2 CL-VaPUC  |9 361357 
650 0 |a Modelos matemáticos   |9 259437 
650 0 |a Probabilidad  |9 349606 
650 7 |a DISTRIBUCIONES ESTADISTICAS  |2 CL-VaPUC  |9 339648 
650 7 |a PRUEBAS DE HIPOTESIS  |2 CL-VaPUC  |9 424773 
583 |a last modification  |c 19990409 00:00:00  |k Rodrigo Vera 
490 0 |a Winthorp Computer Systems Series 
999 |c 280095  |d 280093 
952 |0 0  |1 0  |4 0  |6 511_800000000000000_GRA_1980  |7 0  |8 A  |9 320101  |a BIBMAT  |b BIBMAT  |d 2019-11-20  |i 1340727  |o 511.8 GRA 1980  |p 1340727  |r 2025-01-07  |w 2019-11-20  |y BK  |k MAT